| 000 | 00577nam a22001817a 4500 | ||
|---|---|---|---|
| 003 | OSt | ||
| 005 | 20260422045958.0 | ||
| 008 | 260422b |||||||| |||| 00| 0 eng d | ||
| 020 | _a007-124252-X | ||
| 040 |
_aDWCL Main Lib _cOC |
||
| 082 |
_22nd Edition _a428.222 F499 2005 |
||
| 100 | _aFinkelstein, Leo Jr. | ||
| 245 | _aPocket book technical writing for engineers and scientists | ||
| 260 |
_aNew York _bMcGraw-Hill, _cc2005 |
||
| 300 |
_axxi, 1792 pages : _c21 cm. |
||
| 650 | _a1. English language - technical English - handbook, manuals, etc. | ||
| 942 |
_2ddc _cBK-CIRC _n0 |
||
| 999 |
_c9674 _d9674 |
||